<?xml version="1.0" encoding="UTF-8"?>
<record
    xmlns:xsi="http://www.w3.org/2001/XMLSchema-instance"
    xsi:schemaLocation="http://www.loc.gov/MARC21/slim http://www.loc.gov/standards/marcxml/schema/MARC21slim.xsd"
    xmlns="http://www.loc.gov/MARC21/slim">

  <leader>00909cam a2200301   4500</leader>
  <controlfield tag="001">2504318</controlfield>
  <controlfield tag="003">YEEZEN</controlfield>
  <controlfield tag="005">20250225135925.0</controlfield>
  <controlfield tag="008">240821s2023    ch acdhe      000 0 chi d</controlfield>
  <datafield tag="020" ind1=" " ind2=" ">
    <subfield code="a">9786269715770</subfield>
    <subfield code="q">(&#x5E73;&#x88DD;) :</subfield>
    <subfield code="c">&#x65B0;&#x81FA;&#x5E63;500&#x5143;</subfield>
  </datafield>
  <datafield tag="040" ind1=" " ind2=" ">
    <subfield code="a">SAN</subfield>
    <subfield code="b">chi</subfield>
    <subfield code="c">&#x6843;&#x5E02;&#x5716;</subfield>
    <subfield code="e">CCR</subfield>
  </datafield>
  <datafield tag="041" ind1="0" ind2=" ">
    <subfield code="a">chi</subfield>
  </datafield>
  <datafield tag="042" ind1=" " ind2=" ">
    <subfield code="a">nbic</subfield>
  </datafield>
  <datafield tag="084" ind1=" " ind2=" ">
    <subfield code="a">415.7</subfield>
    <subfield code="2">ncsclt</subfield>
  </datafield>
  <datafield tag="090" ind1=" " ind2=" ">
    <subfield code="a">415.7</subfield>
  </datafield>
  <datafield tag="100" ind1="1" ind2=" ">
    <subfield code="a">&#x5B98;&#x88D5;&#x5B97;</subfield>
    <subfield code="e">&#x7DE8;&#x8457;</subfield>
  </datafield>
  <datafield tag="245" ind1="1" ind2="0">
    <subfield code="a">&#x6CBB;&#x76AE;&#x75C5;6&#x8981;&#x8207;&#x6297;&#x764C;11&#x5C0D;&#x7B56; /</subfield>
    <subfield code="c">&#x5B98;&#x88D5;&#x5B97;&#x7DE8;&#x8457;</subfield>
  </datafield>
  <datafield tag="250" ind1=" " ind2=" ">
    <subfield code="a">&#x521D;&#x7248;</subfield>
  </datafield>
  <datafield tag="260" ind1=" " ind2=" ">
    <subfield code="a">&#x65B0;&#x5317;&#x5E02;&#x6DE1;&#x6C34;&#x5340; :</subfield>
    <subfield code="b">&#x5143;&#x6C23;&#x9F4B;,</subfield>
    <subfield code="c">2023.12</subfield>
  </datafield>
  <datafield tag="300" ind1=" " ind2=" ">
    <subfield code="a">367&#x9762; :</subfield>
    <subfield code="b">&#x5F69;&#x5716;, &#x5F69;&#x50CF;, &#x5F71;&#x6284;, &#x8868;&#x683C; ;</subfield>
    <subfield code="c">21&#x516C;&#x5206;</subfield>
  </datafield>
  <datafield tag="490" ind1="0" ind2=" ">
    <subfield code="a">&#x91AB;&#x6797;&#x53E2;&#x8A71;&#x7CFB;&#x5217; ;</subfield>
    <subfield code="v">7.</subfield>
  </datafield>
  <datafield tag="490" ind1="0" ind2=" ">
    <subfield code="a">&#x5B98;&#x88D5;&#x5B97;&#x91AB;&#x5E2B;&#x771F;&#x5FC3;&#x8A71; ;</subfield>
    <subfield code="v">2.</subfield>
  </datafield>
  <datafield tag="500" ind1=" " ind2=" ">
    <subfield code="a">&#x9644;&#x9304;: 1. &#x5B98;&#x88D5;&#x5B97;&#x91AB;&#x751F;&#x7684;&#x6297;&#x764C;&#x7DE3; ; 2. &#x5927;&#x9678;&#x65C5;&#x904A;&#x6709;&#x611F;</subfield>
  </datafield>
  <datafield tag="650" ind1=" " ind2="7">
    <subfield code="a">&#x76AE;&#x819A;&#x79D1;</subfield>
    <subfield code="2">lcstt.</subfield>
  </datafield>
  <datafield tag="650" ind1=" " ind2="7">
    <subfield code="a">&#x764C;&#x75C7;</subfield>
    <subfield code="2">lcstt.</subfield>
  </datafield>
  <datafield tag="650" ind1=" " ind2="7">
    <subfield code="a">&#x6CBB;&#x7642;&#x5B78;</subfield>
    <subfield code="2">lcstt.</subfield>
  </datafield>
  <datafield tag="942" ind1=" " ind2=" ">
    <subfield code="2">ccl</subfield>
    <subfield code="c">BOOK</subfield>
  </datafield>
  <datafield tag="999" ind1=" " ind2=" ">
    <subfield code="c">7635</subfield>
    <subfield code="d">7635</subfield>
  </datafield>
  <datafield tag="952" ind1=" " ind2=" ">
    <subfield code="0">0</subfield>
    <subfield code="1">0</subfield>
    <subfield code="2">ccl</subfield>
    <subfield code="4">0</subfield>
    <subfield code="7">0</subfield>
    <subfield code="a">yeezen</subfield>
    <subfield code="b">yeezen</subfield>
    <subfield code="c">YEEZEN</subfield>
    <subfield code="d">2025-02-25</subfield>
    <subfield code="l">5</subfield>
    <subfield code="m">3</subfield>
    <subfield code="o">415.7</subfield>
    <subfield code="p">C03219</subfield>
    <subfield code="r">2026-01-23 00:00:00</subfield>
    <subfield code="s">2026-01-22</subfield>
    <subfield code="w">2025-02-25</subfield>
    <subfield code="y">BOOK</subfield>
    <subfield code="z">&#x672C;&#x66F8;&#x5217;&#x8209;&#x5F88;&#x591A;&#x4F5C;&#x8005;&#x4E94;&#x5341;&#x5E74;&#x7684;&#x8A3A;&#x6CBB;&#x7D93;&#x9A57;,&#x53EF;&#x4F9B;&#x5E74;&#x8F15;&#x91AB;&#x5E2B;&#x53C3;&#x8003;&#xFF1B;&#x4E5F;&#x9644;&#x52A0;&#x4E86;&#x5F88;&#x591A;&#x91AB;&#x85E5;&#x5C0F;&#x767E;&#x79D1;,&#x53EF;&#x589E;&#x52A0;&#x4E00;&#x822C;&#x8B80;&#x8005;&#x6216;&#x75C5;&#x4EBA;&#x5C0D;&#x76AE;&#x819A;&#x75C5;&#x7684;&#x8A8D;&#x8B58;,&#x9032;&#x800C;&#x77AD;&#x89E3;&#x6CBB;&#x7642;&#x8207;&#x8B77;&#x7406;&#x4E4B;&#x9053;,&#x624D;&#x4E0D;&#x81F4;&#x5F04;&#x5DE7;&#x6210;&#x62D9;&#x3002;</subfield>
  </datafield>
</record>
